Ten houses around a Church (Record no. 233811)
[ view plain ]
| 000 -LEADER | |
|---|---|
| fixed length control field | 01054nam a22002177a 4500 |
| 005 - DATE AND TIME OF LATEST TRANSACTION | |
| control field | 20260202144750.0 |
| 008 - FIXED-LENGTH DATA ELEMENTS--GENERAL INFORMATION | |
| fixed length control field | 250217b ||||| |||| 00| 0 eng d |
| 020 ## - INTERNATIONAL STANDARD BOOK NUMBER | |
| International Standard Book Number | 9788197595158 |
| 040 ## - CATALOGING SOURCE | |
| Transcribing agency | AL |
| 041 ## - LANGUAGE CODE | |
| Language code of text/sound track or separate title | English |
| 082 ## - DEWEY DECIMAL CLASSIFICATION NUMBER | |
| Edition number | 23 |
| Classification number | 820.33 |
| Item number | DSOT |
| 100 ## - MAIN ENTRY--PERSONAL NAME | |
| Personal name | Na Dsouza |
| 100 ## - MAIN ENTRY--PERSONAL NAME | |
| 9 (RLIN) | 253549 |
| 245 ## - TITLE STATEMENT | |
| Title | Ten houses around a Church |
| 260 ## - PUBLICATION, DISTRIBUTION, ETC. | |
| Place of publication, distribution, etc. | Mangaluru |
| Name of publisher, distributor, etc. | St Aloysius Prakashana |
| Date of publication, distribution, etc. | 2024 |
| 300 ## - PHYSICAL DESCRIPTION | |
| Extent | 296 p. |
| Other physical details | PB |
| Dimensions | 21x14 cm. |
| 520 ## - SUMMARY, ETC. | |
| Summary, etc. | The book titled ‘Ten Houses around a Church,’ a translated work of Dr Sylvia Rego, Department of English, St Aloysius (Deemed to be University), was released on 6 February 2025 during a Literary Festival, KENSHO, organised by the Department of English, which was published by St Aloysius Prakashana. <br/><br/>The book ‘Ten Houses around a Church’ is a translation of a Kannada novel, ‘Igarji Suttalina Hattu Manegalu’ by the renowned writer Na D’Souza. |
| 650 ## - SUBJECT ADDED ENTRY--TOPICAL TERM | |
| Topical term or geographic name entry element | English Fiction |
| 9 (RLIN) | 200233 |
| 650 ## - SUBJECT ADDED ENTRY--TOPICAL TERM | |
| Topical term or geographic name entry element | Igarji Suttalina Hattu Manegalu |
| 9 (RLIN) | 200274 |
| 700 ## - ADDED ENTRY--PERSONAL NAME | |
| Personal name | Rego, Sylvia Tr |
| 9 (RLIN) | 200234 |
| 942 ## - ADDED ENTRY ELEMENTS (KOHA) | |
| Source of classification or shelving scheme | Dewey Decimal Classification |
| Koha item type | Donated Books |
| Withdrawn status | Lost status | Source of classification or shelving scheme | Damaged status | Not for loan | Collection code | Home library | Current library | Date acquired | Total Checkouts | Full call number | Barcode | Date last seen | Price effective from | Koha item type | Public note | Date last checked out |
|---|---|---|---|---|---|---|---|---|---|---|---|---|---|---|---|---|
| Dewey Decimal Classification | English | St Aloysius Library | St Aloysius Library | 02/15/2025 | 820.33 DSOT | D06246 | 02/17/2025 | 02/17/2025 | Donated Books | Donated by Dr Sylvia Rego | ||||||
| Dewey Decimal Classification | English | St Aloysius Library | St Aloysius Library | 02/15/2025 | 1 | 820.33 DSOT | D06247 | 04/15/2026 | 02/17/2025 | Donated Books | Donated by Dr Sylvia Rego | 04/01/2026 | ||||
| Dewey Decimal Classification | English | St Aloysius Library | St Aloysius Library | 02/15/2025 | 820.33 DSOT | D06270 | 02/19/2025 | 02/17/2025 | Donated Books | Donated by St Aloysius Prakashana |